000 00601nam a2200193Ia 4500
005 20250507130143.0
008 008 250505s9999 xx 000 0 eng d
037 _aDIS
040 _aEASL
_beng
_cEASL
041 _aeng
_2eng
084 _a0000113, CHO
_qEASL
100 _aChoudhury Sanghamitra
_9645107
245 0 _aFalun Gong: Responses and reactions Prof. Sreemati Chakrabarti
260 _aIndia
_bDelhi University. Social Science. Chinese & Japanese Studies Library
_c2001
300 _a78p.
650 _aDiss
942 _cDIS
_h0000113, CHO
999 _c1318001
_d1318001